000 00296 a2200133 4500
001 153600
040 _cEscola São Tomás de Aquino
100 _aPINSKI, Mirna
240 1 0 _aNó na garganta
_lpor
245 1 0 _aNó na garganta
362 0 _a1991
697 _a*LITERATURA JUVENIL
942 _cBK
999 _c153600
_d153600